000 01028nam a22002537a 4500
005 20140704124653.0
008 111015s2010 ck gr 00010 spa d
020 _a9789588067254
041 0 _aspa
044 _ack
082 0 4 _a551.6354
_bI193e
110 2 _aInstituto de Hidrología, Meteorología y Estudios Ambientales.
_924651
245 0 0 _aExperiencias en el uso y aplicación de tecnologías satelitales para observación de la tierra /
_cEditado por Vicky Guerrero Barrios, Vivian Farley Garzón Vargas, Jhon Jairo Carmona Cuervo.
260 _aBogotá
_bIDEAM
_c2010
300 _a114 p.
_bil, mapas
_c28 cm.
504 _aIncluye bibliografías.
650 _aSatélites artificiales en meteorología.
_924652
650 _aAstronáutica en meteorología.
_924653
650 _aObesrvación de la tierra
_xaplicaciones
_924654
700 1 _aGuerrero-Barrios, Vicky,
_eed.
_924655
700 1 _aGarzón-Vargas, Vivian Farley,
_eed.
_924656
700 1 _aCarmona-Cuervo, Jhon Jairo.
_924657
942 _2ddc
_cImpreso
999 _c8514
_d8514